000 00458cam a2200181ua 4500
020 _c310.00
041 _aeng
_h
082 _a574.0285
_bLES/IN
100 _aLesk , Arthur M .
245 _aIntroduction to bioinformatics /
_cArthur M Lesk.
_hTextual Documents
250 _a2 /
_b.
260 _aCalcutta :
_bOxford University Press ,
_c2005.
300 _a360 ; .
365 _a310.00
504 _a
942 _cBK
999 _c13344
_d13344